000 00442nam a22001697a 4500
005 20250317140143.0
008 250317b |||||||| |||| 00| 0 eng d
020 _a9781787150539
041 _aEng
082 _a658.8 HEN
100 _aHensen, Zack
245 _aInternet Marketing
260 _aUK
_bKruger Brentt Publishers UK Ltd.
_c2024
300 _a294;. P. 24 cm
650 _aGeneral Management; Internet Marketing
942 _cBK
999 _c43338
_d43338